Central Library OPAC University of Rajshahi

Baedae Opera historica / (Record no. 31564)

MARC details
000 -LEADER
fixed length control field 01541cam a2200337 a 4500
001 - CONTROL NUMBER
control field 31564
003 - CONTROL NUMBER IDENTIFIER
rucl marc code BD-RjUL
005 - DATE AND TIME OF LATEST TRANSACTION
control field 20211209051722.0
008 - FIXED-LENGTH DATA ELEMENTS--GENERAL INFORMATION
fixed length control field 140420r19541930enk 001 0 eng d
035 ## - SYSTEM CONTROL NUMBER
System control number (BD-RjUL)31652
System control number 2432939
040 ## - CATALOGING SOURCE
Original cataloging agency NU
Language of cataloging eng
Transcribing agency NU
Modifying agency BD-RjUL
041 1# - LANGUAGE CODE
Language code of text/sound track or separate title englat
Language code of original lat
082 04 - DEWEY DECIMAL CLASSIFICATION NUMBER
Classification number 274.2
Edition number 20
Author mark and year BEB V-2 1954
100 0# - MAIN ENTRY--PERSONAL NAME
Personal name Bede,
Dates associated with a name 673-735.
9 (RLIN) 95485
245 10 - TITLE STATEMENT
Title Baedae Opera historica /
Statement of responsibility, etc. with an English translation by J. E. King.
Number of part/section of a work Volume II :
Name of part/section of a work Ecclesiastical history of the English nation, based on the version of Thomas Stapleton, 1565.
260 ## - PUBLICATION, DISTRIBUTION, ETC. (IMPRINT)
Place of publication, distribution, etc. London :
Name of publisher, distributor, etc. Heinemann ;
Date of publication, distribution, etc. 1930 [Reprinted 1954].
300 ## - PHYSICAL DESCRIPTION
Pagination ix, 517, 6 p. :
Illustrations ill. ;
Size 17 cm.
490 1# - SERIES STATEMENT
Series statement The Loeb classical library ;
Volume/sequential designation 246, 248
500 ## - GENERAL NOTE
General note Half-title: Bede, Historical works.
504 ## - BIBLIOGRAPHY, ETC. NOTE
Bibliography, etc Includes index.
505 0# - FORMATTED CONTENTS NOTE
Formatted contents note 1. Ecclesiastical history of the English nation, based on the version of Thomas Stapleton, 1565. Books I-III -- 2. Ecclesiastical history of the English nation, based on the version of Thomas Stapleton, 1565. Books IV and V ; Lives of the abbots ; Letter to Egbert.
650 #0 - SUBJECT ADDED ENTRY--TOPICAL TERM
Topical term or geographic name as entry element Abbots
Geographic subdivision England.
9 (RLIN) 96058
651 #0 - SUBJECT ADDED ENTRY--GEOGRAPHIC NAME
Geographic name Great Britain
General subdivision Church history
Chronological subdivision 449-1066.
9 (RLIN) 96059
700 1# - ADDED ENTRY--PERSONAL NAME
Personal name Stapleton, Thomas,
Dates associated with a name 1535-1598.
Personal name King, John Edward,
Dates associated with a name 1858-1939.
Personal name Bede,
Dates associated with a name 673-735.
830 #0 - SERIES ADDED ENTRY--UNIFORM TITLE
Volume number/sequential designation 246, 248.
830 #0 - SERIES ADDED ENTRY--UNIFORM TITLE
Uniform title Loeb classical library ;
942 ## - ADDED ENTRY ELEMENTS (KOHA)
Source of classification or shelving scheme Dewey Decimal Classification
Koha item type Books
Holdings
Lost status Source of classification or shelving scheme Damaged status Not for loan Collection code Permanent Location Current Location Shelving location Date acquired Source of acquisition Cost, normal purchase price Total Checkouts Full call number Date last seen Copy number Koha item type
  Dewey Decimal Classification   Not For Loan Non-fiction Central Library, University of Rajshahi Central Library, University of Rajshahi Reading Room 10/03/1955 Simpkin Marshall 15.00   274.2 BEB V-2 1954 20/04/2014 C-1 Books